LEADER 03217nam 2200673Ia 450 001 9910460245103321 005 20200520144314.0 010 $a0-8166-7516-3 035 $a(CKB)2670000000069687 035 $a(EBL)635546 035 $a(OCoLC)698116874 035 $a(SSID)ssj0000467719 035 $a(PQKBManifestationID)11973239 035 $a(PQKBTitleCode)TC0000467719 035 $a(PQKBWorkID)10496749 035 $a(PQKB)10688763 035 $a(MiAaPQ)EBC635546 035 $a(MdBmJHUP)muse29844 035 $a(PPN)161122213 035 $a(Au-PeEL)EBL635546 035 $a(CaPaEBR)ebr10440598 035 $a(CaONFJC)MIL525746 035 $a(EXLCZ)992670000000069687 100 $a20100813d2010 uy 0 101 0 $aeng 135 $aur|||||||nn|n 181 $ctxt 182 $cc 183 $acr 200 10$aClaiming others$b[electronic resource] $etransracial adoption and national belonging /$fMark C. Jerng 210 $aMinneapolis $cUniversity of Minnesota Press$dc2010 215 $a1 online resource (352 p.) 300 $aDescription based upon print version of record. 311 0 $a0-8166-6959-7 311 0 $a0-8166-6958-9 320 $aIncludes bibliographical references and index. 327 $aTransracial adoption and the reproduction of personhood -- On the borders of kinship -- Competing logics of possession : unredeemed captives in the 1820's -- Unmanageable attachments : slavery, abolition, and the transformation of kinship -- The character of race : individuation and the institutionalization of adoption -- Between rights and needs -- The right to belong : legal norms, cultural origins, and adoptee identity -- Resisting recognition : narrating transracial adoptees as subjects -- Making family "look like real" : transracial adoption and the challenge to family. 330 $aTransracial adoption has recently become a hotly contested subject of contemporary and critical concern, with scholars across the disciplines working to unravel its complex implications. In Claiming Others , Mark C. Jerng traces the practice of adoption to the early nineteenth century, revealing its surprising centrality to American literature, law, and social thought. Jerng considers how adoption makes us rethink the parent-child bond as central to issues of race and nationality, showing the ways adoption also speaks to broader questions about our history and identity. He analyzes adoption 606 $aAdoption in literature 606 $aAmerican literature$y20th century$xHistory and criticism 606 $aInterracial adoption in literature 606 $aInterracial adoption 606 $aRace in literature 608 $aElectronic books. 615 0$aAdoption in literature. 615 0$aAmerican literature$xHistory and criticism. 615 0$aInterracial adoption in literature. 615 0$aInterracial adoption. 615 0$aRace in literature. 676 $a362.734 676 $a810.9/35254 700 $aJerng$b Mark C$0938046 801 0$bMiAaPQ 801 1$bMiAaPQ 801 2$bMiAaPQ 906 $aBOOK 912 $a9910460245103321 996 $aClaiming others$92492056 997 $aUNINA LEADER 01731nam 2200397Ia 450 001 996395521203316 005 20210104171321.0 035 $a(CKB)3810000000016131 035 $a(EEBO)2240910559 035 $a(OCoLC)ocn468826244e 035 $a(OCoLC)468826244 035 $a(EXLCZ)993810000000016131 100 $a20091123d1617 uy 0 101 0 $alat 135 $aurbn||||a|bb| 200 10$aBrevissima institutio, seu ratio grammatices cognoscendae$b[electronic resource] $ead omnium puerorum vtilitatem praescripta, quam solam Regia Maiestas [sic] in omnibus scholis profitendam praecipit. 210 $aExcusum Londini, $cper assignationem Iohannis Battersbij.$d1617. 215 $a[172+] p. $cill 300 $aBy William Lily, with contributions by John Colet, Thomas Robertson, and others. 300 $aVocabulary at end contains both Latin and English definitions. 300 $aInitials; last leaf verso contains woodcut of boys and men knocking fruit from a tree. 300 $aSignatures: [pi]¹ F-P⁸ Q⁶. 300 $aImperfect: lacking A-Fand Q₁; tightly bound, and with print bleeding and show-through, defective type. Best copy available for photographing. 300 $aBound and filmed preceding STC 4514. 300 $aReproduction of original in the British Library. 330 $aeebo-0018 606 $aLatin language$xGrammar$vEarly works to 1500 615 0$aLatin language$xGrammar 700 $aLily$b William$f1468?-1522.$0841046 702 $aColet$b John$f1467?-1519, 801 0$bUMI 801 1$bUMI 906 $aBOOK 912 $a996395521203316 996 $aBrevissima institutio seu Ratio grammatices cognoscendae$92313515 997 $aUNISA LEADER 01579nam 2200385 450 001 996279883603316 005 20230611090550.0 035 $a(CKB)1000000000035506 035 $a(NjHacI)991000000000035506 035 $a(EXLCZ)991000000000035506 100 $a20230611h19972003 uy 0 101 0 $aeng 135 $aur||||||||||| 181 $ctxt$2rdacontent 182 $cc$2rdamedia 183 $acr$2rdacarrier 200 10$aAmerican national standard for transformers $e230 kV and below 833/958 through 8333/10 417 kVA, single-phase, and 750/862 through 60 000/80 000/100 000 kVA, three-phase without load tap changing ; and 3750/4687 through 60 000/80 000/100 000 kVA with load tap changing-- safety requirements /$fInstitute of Electrical and Electronics Engineers, American National Standards Institute 210 1$aNew York :$cInstitute of Electrical and Electronics Engineers,$d1997. 210 4$d2003 215 $a1 online resource (32 pages) 300 $aIncludes index. 311 $a0-7381-3621-2 330 $aThis IEEE Standards product is part of the C57 Family on Power Distribution and Regulating Transformers. 517 $aANSI C57.12.10-1997 517 $aANSI C57.12.10-1988 606 $aElectric transformers$xStandards 615 0$aElectric transformers$xStandards. 676 $a621.314 712 02$aAmerican National Standards Institute, 801 0$bNjHacI 801 1$bNjHacl 906 $aDOCUMENT 912 $a996279883603316 996 $aAmerican national standard for transformers$92806485 997 $aUNISA LEADER 03500nam 22005892 450 001 9910793421003321 005 20231005173040.0 010 $a90-485-2827-5 024 7 $a10.1515/9789048528271 035 $a(CKB)4100000008153501 035 $a(DE-B1597)530949 035 $a(OCoLC)1101034293 035 $a(DE-B1597)9789048528271 035 $a(UkCbUP)CR9789048528271 035 $a(Au-PeEL)EBL5770195 035 $a(MiAaPQ)EBC5770195 035 $a(EXLCZ)994100000008153501 100 $a20201022d2019|||| uy| 0 101 0 $aeng 135 $aur||||||||||| 181 $ctxt$2rdacontent 182 $cc$2rdamedia 183 $acr$2rdacarrier 200 10$aBreaking laws $eviolence and civil disobedience in protest /$fIsabelle Sommier, Graeme Hayes, and Sylvie Ollitrault$b[electronic resource] 210 1$aAmsterdam :$cAmsterdam University Press,$d2019. 215 $a1 online resource (271 pages) $cdigital, PDF file(s) 225 1 $aProtest and social movements. 300 $aTranslations of: La violence re?volutionnaire / Isabelle Sommier, 2008 ; and, La de?sobe?issance civile. 2e e?dition, 2013 / Graeme Hayes & Sylvie Ollitrault. 300 $aTitle from publisher's bibliographic system (viewed on 20 Nov 2020). 311 $a90-8964-934-4 327 $tFront matter --$tTable of Contents --$tAcknowledgements --$tList of Abbreviations, Organizations, and Parties --$tIntroduction to Breaking Laws --$tPart 1. Revolutionary Violence Experiences of Armed Struggle in France, Germany, Japan, Italy, and the United States --$tPart 2. Civil Disobedience --$tBiographical Notes --$tBibliography --$tIndex 330 $aBreaking Laws: Violence and Civil Disobedience in Protest questions the complex relationship between social movements and violence through two contrasted lenses; first through the short-lived radical left wing post '68 revolutionary violence, and secondly in the present diffusion of civil disobedience actions, often at the border between non-violence and violence. This book shows how and why violence occurs or does not, and what different meanings it can take. The short-lived extreme left revolutionary groups that grew out of May '68 and the opposition to the Vietnam War (such as the German Red Army Faction, the Italian Red Brigades, and the Japanese Red Army) are without any doubt on the violent side. More ambiguous are the burgeoning contemporary forms of "civil" disobedience, breaking the law with the aim of changing it. In theory, these efforts are associated with non-violence and self-restraint. In practice, the line is more difficult to trace, as much depends on how political players define and frame non-violence and political legitimacy. 410 0$aProtest and social movements. 606 $aPolitical violence 606 $aCivil disobedience 606 $aTerrorism 610 $aContentious politics, violence, extreme left, 1968 years, non-violence, Direct action, Citizenship, Action Repertoires, Civil disobedience. 615 0$aPolitical violence. 615 0$aCivil disobedience. 615 0$aTerrorism. 676 $a322.4/2 700 $aSommier$b Isabelle$0765473 701 $aSommier$b Isabelle$0765473 701 $aHayes$b Graeme$f1967-$01319424 702 $aHayes$b Graeme$f1967- 702 $aOllitrault$b Sylvie 801 0$bUkCbUP 801 1$bUkCbUP 906 $aBOOK 912 $a9910793421003321 996 $aBreaking laws$93802910 997 $aUNINA